| 000 | 01034nac a22002651u 4500 | ||
|---|---|---|---|
| 010 | _a 97003319 | ||
| 020 | _a0415153255 (hbk) | ||
| 020 | _a0415153263 (pbk.) | ||
| 082 | 0 | 0 |
_a069.5 _bPOL |
| 090 |
_c8872 _d8872 |
||
| 100 | _a20080729 | ||
| 245 | 0 | 4 |
_aThe politics of display : _bmuseums, science, culture / _cedited by Sharon Macdonald. |
| 260 |
_aLondon ; _aNew York : _bRoutledge,1998 _c1998. |
||
| 300 |
_axiii, 246 p. : _bill. ; _c24 cm. |
||
| 500 | _adistributer: Scientific home bookshop | ||
| 504 | _aIncludes bibliographical references and index. | ||
| 650 | 0 |
_aMuseum exhibits _xPolitical aspects. |
|
| 650 | 0 |
_aScience museums _xExhibitions _xPolitical aspects. |
|
| 650 | 0 |
_aExhibitions _xPolitical aspects. |
|
| 650 | 0 |
_aPopular culture _xPolitical aspects. |
|
| 650 | 0 | _aPolitical correctness. | |
| 700 | 1 | _aMacdonald, Sharon. | |
| 856 | 4 | 2 |
_3Publisher description _uhttp://www.loc.gov/catdir/enhancements/fy0649/97003319-d.html |
| 942 |
_cBB _k069.5POL |
||
| 999 |
_c8872 _d8872 |
||